000 00800cam a2200229 a 4500
001 000018379
005 20200929165500.0
008 780516s1944 nyu 001 0 eng d
040 _aDO-SdBNP
_cIEN
_dIEN
_dDLC
_dBNPHU
043 _an-us-dc
_an-us---
082 _aNNNN
_bW317b
245 0 0 _aWashington broadcast /
_cby the man at the microphone.
260 _aNew York, :
_bDoubleday, Doran and company, inc.,
_c1944.
300 _axii, 269 p. ;
_c21 cm.
500 _aIncludes index
651 0 _aWashington (D.C.{Rpara}
_xBiography.
_939796
650 0 _aStatesmen
_zUnited States.
_939797
651 0 _aUnited States
_xPolitics And Government
_y1901-1953.
_939798
651 0 _aWashington (D.C.{Rpara}
_xSocial Life And Customs.
_939799
700 1 _aMan at the microphone.
_939800
049 _aBNGR
999 _c17900
_d17900